00546nam a2200181 a 45000010010000000030011000100080041000210350026000620820014000881000024001022450032001262600060001586500010002189420012002289520089002409980020003299990015003490000-9290ELIB.Books110520 1966  a(ELIB.Books)0000-9442 a220 bMea aMears, Henrietta C. aWhat the Bible is All About bMinnesota: Billy Graham Evangelistic Association c1966 aBible 2ddccBK 00102ddc4070aKBTSbKBTSd2011-05-20l0p947r2022-01-22 00:00:00w2022-01-22yBK cbate2011-05-20 c9290d9290